Načítá se...

Female Emigration from India Case Study of Nurses

Almost half of the four million Indian emigrants to the Gulf are from Kerala. Among them, 16 per cent are women, a growing number since they were only 9 per cent a few years ago. This article focuses on the specificities of this female emigration with an analysis of statistical data from a recent su...

Celý popis

Podrobná bibliografie
Hlavní autor: MARIE PERCOT, S IRUDAYA RAJAN
Médium: Printed Book
Vydáno: Economic and Political Weekly January 27, 2007 2007
On-line přístup:http://10.26.1.76/ks/002024.pdf
LEADER 008220000a22001330004500
100 |a MARIE PERCOT, S IRUDAYA RAJAN 
245 |a Female Emigration from India Case Study of Nurses 
260 |c 2007 
260 |b Economic and Political Weekly January 27, 2007 
520 |a Almost half of the four million Indian emigrants to the Gulf are from Kerala. Among them, 16 per cent are women, a growing number since they were only 9 per cent a few years ago. This article focuses on the specificities of this female emigration with an analysis of statistical data from a recent survey. It presents the results of an anthropological study of the emigration of nurses from Kerala  
856 |u http://10.26.1.76/ks/002024.pdf 
942 |c KS 
999 |c 71412  |d 71412 
952 |0 0  |1 0  |4 0  |7 0  |9 63376  |a MGUL  |b MGUL  |d 2015-08-01  |l 0  |r 2015-08-01  |w 2015-08-01  |y KS